LEADER 05912oam 2200793 c 450 001 996359645503316 005 20231110222218.0 010 $a3-8394-5079-9 024 7 $a10.14361/9783839450796 035 $a(CKB)4100000011249074 035 $a(DE-B1597)540755 035 $a(DE-B1597)9783839450796 035 $a(OCoLC)1198931479 035 $a(MiAaPQ)EBC6763705 035 $a(Au-PeEL)EBL6763705 035 $a(transcript Verlag)9783839450796 035 $a(MiAaPQ)EBC6956146 035 $a(Au-PeEL)EBL6956146 035 $a(oapen)https://directory.doabooks.org/handle/20.500.12854/44757 035 $a(MiAaPQ)EBC30591642 035 $a(Au-PeEL)EBL30591642 035 $a(EXLCZ)994100000011249074 100 $a20220221d2020 uy 0 101 0 $ager 135 $aur||||||||||| 181 $ctxt$2rdacontent 182 $cc$2rdamedia 183 $acr$2rdacarrier 200 10$aDepression und Biographie$eKrankheitserfahrungen migrierter Frauen in der Schweiz$fAmina Trevisan 205 $a1st ed. 210 $aBielefeld$ctranscript Verlag$d2020 215 $a1 online resource (516 p.) 225 0 $aKultur und soziale Praxis 311 $a3-8376-5079-0 327 $aFrontmatter 1 Inhalt 7 Dank 11 1. Einleitung 15 2. Migration und Gesundheit 23 3. Biographie als theoretischer Zugang im Forschungsbereich Migration und Gesundheit 47 4. Methodologisches und methodisches Verfahren 71 5. Exemplarische Falldarstellung Amalia Torres 117 6. Exemplarische Falldarstellung Leonor Castro 183 7. Kontrastive und fallu?bergreifende Ergebnisdarstellung 281 8. Rassismus und sein Einfluss auf die psychische Gesundheit 283 9. Depression im Kontext von beruflichem Ausschluss und Dequalifizierung 333 10. Depression im Kontext von Armut und o?konomischen Schwierigkeiten 397 11. Depression im Kontext von fehlender sozialer Unterstu?tzung 417 12. Depression im Kontext einer binationalen Ehe 441 13. Fazit 485 Literatur 497 Anhang 513 330 $aWie beeinflussen gesellschaftliche Faktoren die psychische Gesundheit? In welchen sozialen Kontext ist die Erfahrung von Migrantinnen zu verorten, die an Depression erkrankt sind? Die Soziologin Amina Trevisan ergru?ndet hierzu Depressionserfahrungen migrierter Frauen aus Lateinamerika mit Methoden der Biographieforschung. 17 Migrantinnen erza?hlen ihre Krankheits- und Leidenserfahrungen sowie ihre Verarbeitungsstrategien. Sie dru?cken eigene Kompetenzen, aber auch viel soziales Leiden aus, das durch gesellschaftliche Bedingungen mitverursacht ist. Die Autorin kommt durch detaillierte Fallstudien zu Forschungsergebnissen, die den Zusammenhang zwischen Depressionserkrankung und gesellschaftlichen, migrations- und schichtspezifischen Faktoren verdeutlichen. Das Buch richtet sich an sozialwissenschaftlich Interessierte, an Praktizierende im Bereich Migration und Gesundheit sowie an Migrierte, Betroffene und Angeho?rige. 330 1 $aO-Ton: »Depressione, l'altra faccia dell'emigrazione! - Amina Trevisan im Interview bei https://italoblogger.com am 11.11.2020. »Ich empfehle das Buch allen PsychotherapeutInnen, im Besonderen jenen, die in ihrer Praxis mit Migrantinnen (und auch Migranten) arbeiten.« Peter Schulthess, Psychotherapie-Wissenschaft 10/2 (2020) »Eine fundierte Studie zum Thema der Depression [...], die Migrantinnen in der Schweiz durchgemacht haben. Das Buch ist hervorragend geeignet fu?r sozialwissenschaftlich Interessierte, Praktizierende im Bereich Migration, Gesundheit und Psychotherapie ebenso wie fu?r alle, die sich mit gesellschaftlichen und politischen Fragen auseinandersetzen.« Udo Rauchfleisch, www.socialnet.de, 22.09.2020 Besprochen in: InfoDienst Migration, 2 (2020) 410 0$aKultur und Soziale Praxis 606 $aDepression; Migration und Gesundheit; Krankheit; Biographie; Biographieforschung; Lateinamerikanische Migrantinnen; Psychologie; Psychische Krankheit; Gender; Rassismus; Soziale Ungleichheit; Basel; Bern; Zu?rich; Erwerbsarbeit; Familie; Armut; Medizin; Medizinsoziologie; Kulturanthropologie; Gender Studies; Soziologie; Gesundheit; Migration; Illness; Biography; Biographical Research; Psychology; Mental Illness; Racism; Social Inequality; Zurich; Gainful Employment; Family; Poverty; Medicine; Sociology of Medicine; Cultural Anthropology; Sociology; Health; 610 $aBasel. 610 $aBern. 610 $aBiographical Research. 610 $aBiography. 610 $aCultural Anthropology. 610 $aFamily. 610 $aGainful Employment. 610 $aGender Studies. 610 $aGender. 610 $aIllness. 610 $aMedicine. 610 $aMental Illness. 610 $aMigration. 610 $aPoverty. 610 $aPsychology. 610 $aRacism. 610 $aSocial Inequality. 610 $aSociology of Medicine. 610 $aSociology. 610 $aZurich. 615 4$aDepression; Migration und Gesundheit; Krankheit; Biographie; Biographieforschung; Lateinamerikanische Migrantinnen; Psychologie; Psychische Krankheit; Gender; Rassismus; Soziale Ungleichheit; Basel; Bern; Zu?rich; Erwerbsarbeit; Familie; Armut; Medizin; Medizinsoziologie; Kulturanthropologie; Gender Studies; Soziologie; Gesundheit; Migration; Illness; Biography; Biographical Research; Psychology; Mental Illness; Racism; Social Inequality; Zurich; Gainful Employment; Family; Poverty; Medicine; Sociology of Medicine; Cultural Anthropology; Sociology; Health; 676 $a306.461 700 $aTrevisan$b Amina$4aut$0864185 712 02$aSwiss National Science Foundation (SNSF)$4fnd$4http://id.loc.gov/vocabulary/relators/fnd 801 0$bDE-B1597 801 1$bDE-B1597 906 $aBOOK 912 $a996359645503316 996 $aDepression und Biographie$91928868 997 $aUNISA